Prueba de Rumania - Estadísticas

Estadísticas generales
  • Esta prueba ha sido intentada 1.710 veces
  • La puntuación promedio es 13 de 20
Estadísticas de respuestas
Pregunta Respuesta % Correcto
Capital de Rumania Bucarest
98%
Países limítrofes Bulgaria
95%
Mar que limita con Rumania Mar {Negro}
94%
Países limítrofes Ucrania
93%
Países limítrofes Hungría
92%
Países limítrofes Moldavia
92%
Países limítrofes Serbia
88%
Región histórica de Rumania central que empieza con T Transilvania
88%
Un recuento ficticio inspirado en la respuesta anterior Conde Drácula
87%
El río más largo Danubio
79%
País extranjero que alberga a más de 1,2 millones de emigrantes rumanos Italia
63%
La cordillera que atraviesa Rumania Montes {Cárpatos}
62%
Un gobernante medieval conocido por empalar a sus enemigos Vlad III
61%
El fabricante de automóviles rumano representa el 8% de las exportaciones Dacia
45%
La segunda ciudad más grande {Cluj}-Napoca
44%
Gimnasta que obtuvo seis 10 perfectos en las Olimpiadas de Verano de 1976 Nadia Comăneci
43%
Método de ejecución utilizado en el ex dictador Nicolae Ceaușescu el 25 de diciembre de 1989 Escuadrón de fusilamiento
42%
Nombra uno de los cuatro países que tienen una tasa de natalidad inferior a la de Rumania Singapur | Taiwán | Corea del Sur | Bosnia y Herzegovina
40%
El castillo comercializado incorrectamente como el hogar de ese personaje Castillo de {Bran}
23%
El último rey de Rumania, obligado a abdicar por los soviéticos en 1947, pero que vivió durante 70 años después Miguel I
20%
No se encontraron pruebas coincidentes
Distribución de puntuación
Porcentaje de gente con cada puntuación
Porcentaje por número respondido
Historial de tus puntuaciones
No has intentado esta prueba.